000 00645nam a2200217Ia 4500
003 OSt
005 20230530144408.0
008 210423s2003 xx 000 0 und d
020 _a81-203-1245-7
040 _cAL
041 _aeng
082 _a658.8 REEI
100 _aREEDER (Robert R);BRIERTY (Edward G);REEDER (Betty H)
_9117021
245 _aIndustrial marketing: analysis planning and control Ed 2
250 _a2
260 _aNew Delhi
_bPrentice-Hall of India
_c2003
300 _axvi,670
_bPB
650 _aMarketing Management
_9117022
906 _aanalysis ; control ; Industrial ; marketing: ; planning
942 _2ddc
_cBK
999 _c168437
_d168437